000 00912nas a2200301 4500
001 BR0000817
003 BR-BrBNA
005 20231205101742.0
007 ta
008 230509b bl.|||p| |||| 00| 00por d
040 _aBR-BrBNA
_bpor
_cBiblioteca Nacional de Agricultura
041 _a(Pt)
072 _aL53
100 1 _aMorani, E.S.C.
100 1 _aRoncoletta, M.
100 1 _aRodrigues, L.G.
100 1 _aOliveira, M.A.
100 1 _aSilva, C. da
100 1 _aFranceschini, P.H.
100 1 _aEsper, C.R.
245 1 _aUso da fosfatidiletanolamina como crioprotetor de espermatozoides bovinos dados preliminares
650 _aBovino
650 _aSemen
650 _aFertilidade Animal
773 0 _tRevista Brasileira de Reproducao Animal (Brazil)
_xISSN 0102-0803
_g(Jul-Sep 1999), v. 23(3) p. 265-267
_wBR0000817
909 _a202311
_bLúcia
_c55
_dLúcia Elande
942 _2AGRIS
_n0
_cANA
999 _c163664
_d163664